| 000 | 00407nam a2200157Ia 4500 | ||
|---|---|---|---|
| 005 | 20250321144302.0 | ||
| 008 | 231217s9999 xx 000 0 und d | ||
| 020 | _a9788126510757 | ||
| 100 | _aSivanandam, S N. Deepa, S N | ||
| 245 | 0 | _aPrinciples of soft computing | |
| 250 | _a1st ed. | ||
| 260 |
_c2007 _bJohn Wiley & Sons _aNew Delhi |
||
| 300 | _axx, 742 | ||
| 650 | _asoft,computing | ||
| 942 | _cAA | ||
| 999 |
_c184629 _d184629 |
||